The magical web bridge / (Record no. 62759)
[ view plain ]
| 000 -LEADER | |
|---|---|
| fixed length control field | 00511nam a22001577a 4500 |
| 005 - DATE AND TIME OF LATEST TRANSACTION | |
| control field | 2012013007007.0 |
| 020 ## - INTERNATIONAL STANDARD BOOK NUMBER | |
| International Standard Book Number | 8189020188 |
| Terms of availability | 120.00 |
| 020 ## - INTERNATIONAL STANDARD BOOK NUMBER | |
| International Standard Book Number | 9788189020187 |
| Terms of availability | 120.00 |
| 100 ## - MAIN ENTRY--PERSONAL NAME | |
| Personal name | Dharmarajan,Geeta |
| 245 ## - TITLE STATEMENT | |
| Title | The magical web bridge / |
| Statement of responsibility, etc | by Geeta Dharmarajan ;illusrated by Sonali Biswas |
| 260 ## - PUBLICATION, DISTRIBUTION, ETC. (IMPRINT) | |
| Place of publication, distribution, etc | New Delhi |
| Name of publisher, distributor, etc | Katha |
| Date of publication, distribution, etc | 2004 |
| 270 ## - ADDRESS | |
| Address | A-3 Sarvodaya Enclave,Sri Aurobindo Marg, |
| City | New Delhi |
| Postal code | 110017 |
| 300 ## - PHYSICAL DESCRIPTION | |
| Extent | Unpaged |
| Other physical details | ill |
| Dimensions | 26cm.(Hb) |
| 700 ## - ADDED ENTRY--PERSONAL NAME | |
| Personal name | Biswas,Sonali |
| 9 (RLIN) | 41964 |
| 942 ## - ADDED ENTRY ELEMENTS (KOHA) | |
| Source of classification or shelving scheme | Dewey Decimal Classification |
| Item type | Children Books |
| Call number suffix | DHA |
No items available.
